Dlouhodobá péče ve vybraných zemích OECD v kontextu demografických změn

Zhodnotenie potenciálu dlhodobej starostlivosti vo vybraných krajinách OECD v súvislosti so starnutím obyvateľstva. Vo väčšine z nich v niektorých krajinách došlo k nárastu počtu príjemcov dlhodobej starostlivosti s celkovými výdavkami na dlhodobú starostlivosť.

Guardado en:
Detalles Bibliográficos
Autor principal: Halásková, Renáta
Otros Autores: Halásková, Martina
Formato: Capítulo de libro
Lenguaje:checo
Materias:
Etiquetas: Agregar Etiqueta
Sin Etiquetas, Sea el primero en etiquetar este registro!

MARC

LEADER 00000nla a2200000 4500
001 0242882
005 20240417075138.3
041 0 |a cze 
044 |a CZ 
245 1 0 |a Dlouhodobá péče ve vybraných zemích OECD v kontextu demografických změn  |c Renáta Halásková, Martina Halásková 
520 |a Zhodnotenie potenciálu dlhodobej starostlivosti vo vybraných krajinách OECD v súvislosti so starnutím obyvateľstva. Vo väčšine z nich v niektorých krajinách došlo k nárastu počtu príjemcov dlhodobej starostlivosti s celkovými výdavkami na dlhodobú starostlivosť. 
610 2 0 |a služby sociálne 
610 2 0 |a služby starostlivosti sociálnej 
610 2 0 |a demografia sociálna 
610 2 0 |a demografia ekonomická 
610 2 0 |a starnutie populácie 
610 2 0 |a starostlivosť sociálna 
610 2 0 |a starostlivosť zdravotná 
610 2 0 |a OECD 
100 1 |a Halásková, Renáta 
700 1 |a Halásková, Martina